000
00342nam a2200145Ia 4500
100
_a
Gaonkar/ R.S.
942
_c
BK
654
_a
Microprocessor
245
_a
Microprocessor architecture programming & applications
260
_b
Wiley eastern
_a
New Delhi
_c
1986
082
_a
4.16
_b
GAO
300
_a
656
546
_a
ENGLISH
999
_c
34340
_d
34340